书目信息 |
| 题名: |
高等环境化学
|
|
| 作者: | 江桂斌 编著 | |
| 分册: | ||
| 出版信息: | 北京 科学出版社 2025.03 |
|
| 页数: | xii, 442页 | |
| 开本: | 26cm | |
| 丛书名: | 中国科学院大学研究生教材系列 | |
| 单 册: | ||
| 中图分类: | X13-43 | |
| 科图分类: | ||
| 主题词: | 环境化学--huan jing hua xue--研究生--教材 | |
| 电子资源: | ||
| ISBN: | 978-7-03-080008-4 | |
| 000 | 01543nam 2200289 450 | |
| 001 | 90775 | |
| 005 | 20250816101649.46 | |
| 010 | @a978-7-03-080008-4@dCNY198.00 | |
| 099 | @aCAL 012025036339 | |
| 100 | @a20250414d2025 ekmy0chiy50 ea | |
| 101 | 0 | @achi |
| 102 | @aCN@b110000 | |
| 105 | @aa a 000yy | |
| 106 | @ar | |
| 200 | 1 | @a高等环境化学@Agao deng huan jing hua xue@f江桂斌等编著 |
| 210 | @a北京@c科学出版社@d2025.03 | |
| 215 | @axii, 442页@c图@d26cm | |
| 225 | 2 | @a中国科学院大学研究生教材系列@Azhong guo ke xue yuan da xue yan jiu sheng jiao cai xi lie |
| 314 | @a江桂斌, 982年江桂斌从山东大学化学系毕业 ; 1985年考入中国科学院生态环境研究中心, 先后获得硕士学位、博士学位。 | |
| 320 | @a有书目 (第435-442页) | |
| 330 | @a本书首先从诸多环境化学研究和实践中归纳出共性理论知识和典型研究方法, 提出在本科以水、土、气、生不同介质环境污染问题学习基础上, 遵循知识提升-技能训练-任务实践这一逻辑链条, 以基础理论篇、研究方法篇和环境问题篇来设计大纲, 以期既能达到前沿领域的专业性和理论深度, 又可体现知识和技能的实用性。本书在基础理论篇中注重污染物环境行为和毒理效应的化学规律的阐述, 在研究方法篇突出方法体系和先进技术, 在实际问题篇则侧重于示范如何将上述理论知识和研究方法运用于环境问题分析和解决的实践。这样在学习理论和方法的同时, 又可了解这些知识和技术在实际环境问题解决中的作用。 | |
| 410 | 0 | @12001 @a中国科学院大学研究生教材系列 |
| 606 | 0 | @a环境化学@Ahuan jing hua xue@x研究生@j教材 |
| 690 | @aX13-43@v5 | |
| 701 | 0 | @a江桂斌@Ajiang gui bin@4编著 |
| 801 | 0 | @aCN@c20250909 |
| 905 | @a河南城建学院图书馆@dX13-43@eJ350@f1 | |
| 高等环境化学/江桂斌等编著.-北京:科学出版社,2025.03 |
| xii, 442页:图;26cm.-(中国科学院大学研究生教材系列) |
| ISBN 978-7-03-080008-4:CNY198.00 |
| 本书首先从诸多环境化学研究和实践中归纳出共性理论知识和典型研究方法, 提出在本科以水、土、气、生不同介质环境污染问题学习基础上, 遵循知识提升-技能训练-任务实践这一逻辑链条, 以基础理论篇、研究方法篇和环境问题篇来设计大纲, 以期既能达到前沿领域的专业性和理论深度, 又可体现知识和技能的实用性。本书在基础理论篇中注重污染物环境行为和毒理效应的化学规律的阐述, 在研究方法篇突出方法体系和先进技术, 在实际问题篇则侧重于示范如何将上述理论知识和研究方法运用于环境问题分析和解决的实践。这样在学习理论和方法的同时, 又可了解这些知识和技术在实际环境问题解决中的作用。 |
| ● |
| 相关链接 |
|
|
|
正题名:高等环境化学
索取号:X13-43/J350
 
预约/预借
| 序号 | 登录号 | 条形码 | 馆藏地/架位号 | 状态 | 备注 |
| 1 | 1624737 | 216247372 | 自科库501/501自科库 62排2列5层/ [索取号:X13-43/J350] | 在馆 |